Selén a metabolizmus hormónov štítnej žľazy

Bibliographic Details
Main Author: Kišoň, Štefan (Adapter)
Format: Article
Language:Slovak
ISSN:1335-924X
Subjects:

MARC

LEADER 00000nab a2200000 a 4500
001 vtls000880188
003 SK-MaSNL
005 20260304131448.0
008 250429c2004 xo 0 slo
015 |a SNBRB2004/08-23421 
035 |a CLN000231723 
035 |a urn:nbn:sk:snk-ab2ki9 
035 |a (urnnbn)urn:nbn:sk:snk:ar-a02kgq 
035 |a (uuid)3f9eef5d-c792-4215-b356-52b94fe81942 
040 |a SNKBUCL  |b slo  |c SNKBUCL  |e AACR2 
041 0 |a slo 
044 |a xo  |c SK 
080 |a 546.23:557.171.4:577.175.4  |2 1997 
100 1 |a Kišoň, Štefan  |4 adp  |9 450952 
245 1 0 |a Selén a metabolizmus hormónov štítnej žľazy  |c Štefan Kišoň 
650 0 7 |a hormóny štítnej žľazy  |x metabolizmus  |2 MESH  |9 1438021 
650 0 7 |a selén  |2 MESH  |9 14981 
650 0 7 |a trijódtyronín  |2 MESH  |9 1222281 
650 0 7 |a abstrakty  |2 MESH  |9 90504 
650 0 7 |a tyroxín  |2 MESH  |9 14955 
650 0 7 |a monojódtyrozín  |2 MESH  |9 1444742 
650 0 7 |a selenocysteín  |2 MESH  |9 1444743 
655 7 |a články z novín a časopisov  |2 snkbucl  |9 267496 
773 0 |t Lekárnik  |g Roč. 9, č. 5 (2004), s. 41  |x 1335-924X 
850 |a Slovenská národná knižnica 
852 |a Slovenská národná knižnica 
954 |a odborná, vedecká literatúra pôvodná (slovenská)  |2 lita 
958 |a article27 
958 |a OND 
958 |a MI 
958 |a EUIPO 
992 |a RBX 
999 |c 2896913  |d 2898843